000 01087nam a2200301 a 4500
001 ASIN8876240918
003 OSt
005 20180116192418.0
008 130823s2004 xxu eng d
020 _a8876240918 (paperback)
_c$29.95
020 _a9788876240911 (paperback)
020 _a9798876240910
040 _c00
082 _a709.2
100 1 _aFlavin,Dan
_97059
245 1 0 _aDan Flavin : rooms of light:
_bworks of the panza collection from villa panza, varese & the solomon R.guggenheim museum new york /
_cAngela Vettese, Giuseppe Panza di Biumo, Mattioli Laura Rossi, Dan Flavin.
250 _aBilingual ed.
260 _aLondan :
_bSkira,
_c2004.
300 _a127p. ;
_c28 cm.
650 _aInstallations (Art)
_97060
650 _aLight art
_97061
700 1 _aBiumo, Giuseppe Panza di.
_97062
700 1 _aRossi, Mattioli Laura.
_97063
700 1 _aFlavin, Dan.
_97064
856 4 0 _3Amazon.com
_uhttp://www.amazon.com/exec/obidos/ASIN/8876240918/chopaconline-20
942 _2ddc
_cBK
999 _c353822
_d353822